Tratado general y matemático de reloxería, que comprénde el módo de hacer reloxes de todas clases, y el saberlos componer y arreglar por difíciles que séan (Record no. 5593)

MARC details
000 -CABECERA
campo de control de longitud fija 01735nam a2200373 a 4500
001 - NÚMERO DE CONTROL
campo de control BRCA_5904
005 - FECHA Y HORA DE LA ÚLTIMA TRANSACCIÓN
campo de control 20190320205246.0
008 - DATOS DE LONGITUD FIJA--INFORMACIÓN GENERAL
campo de control de longitud fija 180311s1789----sp-a######---#000-0#spa-#
041 ## - CÓDIGO DE LENGUA
Código de lengua del texto/banda sonora o título independiente spa
044 ## - CÓDIGO DEL PAÍS DE LA ENTIDAD EDITORA/PRODUCTORA
Código MARC del país sp
050 #4 - SIGNATURA TOPOGRÁFICA DE LA BIBLIOTECA DEL CONGRESO
Número de clasificación TS545
Número de documento/Ítem .Z47 1 1789
100 1# - ENTRADA PRINCIPAL--NOMBRE DE PERSONA
Nombre de persona Zerella y Ycoaga, Manuel de
9 (RLIN) 14931
245 10 - MENCIÓN DE TÍTULO
Título Tratado general y matemático de reloxería, que comprénde el módo de hacer reloxes de todas clases, y el saberlos componer y arreglar por difíciles que séan
Mención de responsabilidad, etc. Manuel de Zerella y Ycoaga.
260 ## - PUBLICACIÓN, DISTRIBUCIÓN, ETC.
Lugar de publicación, distribución, etc. Madrid
Nombre del editor, distribuidor, etc. Imprenta Real
Fecha de publicación, distribución, etc. 1789
300 ## - DESCRIPCIÓN FÍSICA
Extensión xiv, 404 p.
Otras características físicas il., 22 láminas
Dimensiones 25 cm.
500 ## - NOTA GENERAL
Nota general Fondo antiguo
500 ## - NOTA GENERAL
Nota general Paso a Caja Fuerte
500 ## - NOTA GENERAL
Nota general G-57
500 ## - NOTA GENERAL
Nota general Ver también G58 (2a reimpresión, 1791)
500 ## - NOTA GENERAL
Nota general Con Ex-libris de: Franz Mayer
500 ## - NOTA GENERAL
Nota general Con dedicatoria al Rey
500 ## - NOTA GENERAL
Nota general Rubricas en la dedicatoria: ´México 24 de julio de 1887, Miguel Hurtado Hijo.´, ´México junio 28 de 1843, Juan Hurtado Padre.´
500 ## - NOTA GENERAL
Nota general Contiene prólogo
500 ## - NOTA GENERAL
Nota general Incluye erratas
500 ## - NOTA GENERAL
Nota general Incluye tabla de los capítulos contenidos en este libro
500 ## - NOTA GENERAL
Nota general Estado físico: se observa daño por polilla y manchas en las hojas del documento
500 ## - NOTA GENERAL
Nota general Nota de encuadernación: piel sobre cartón
505 0# - NOTA DE CONTENIDO CON FORMATO
Nota de contenido con formato Acompañado de los elementos necesarios para ella, como son aritmética, álgebra, geometría, gnomónica, astronomía, geografía, física, maquinaria y dibujo. Precisos para poseer a fondo el noble arte de la reloxería
506 0# - NOTA DE RESTRICCIONES AL ACCESO
Limitaciones de acceso Fondo reservado: para su consulta es necesario credencial de usuario y carta de motivos
650 14 - PUNTO DE ACCESO ADICIONAL DE MATERIA--TÉRMINO DE MATERIA
Término de materia o nombre geográfico como elemento de entrada Relojes
Subdivisión general Fabricación
9 (RLIN) 14932
650 14 - PUNTO DE ACCESO ADICIONAL DE MATERIA--TÉRMINO DE MATERIA
Término de materia o nombre geográfico como elemento de entrada Relojes
Subdivisión general Reparación
9 (RLIN) 14933
902 ## - CATALOGADOR
Iniciales LAR
942 ## - ELEMENTOS DE PUNTO DE ACCESO ADICIONAL (KOHA)
Fuente del sistema de clasificación o colocación Library of Congress Classification
Tipo de ítem Koha Libros
Holdings
Estado de retiro Estado de pérdida Estado dañado No para préstamo Código de colección Localización permanente Ubicación/localización actual Fecha de adquisición Número de inventario Total de préstamos Signatura topográfica completa Código de barras Fecha visto por última vez Precio válido a partir de Tipo de ítem Koha
El ejemplar forma parte de la colección y puede ser consultado según las políticas vigentes.       Libros Antiguos y Raros Biblioteca del Museo Franz Mayer (Rogerio Casas-Alatriste) Biblioteca del Museo Franz Mayer (Rogerio Casas-Alatriste) 21/12/2016 G-57   TS545 .Z47 1 1789 (G-57) LAR00002 22/03/2019 22/03/2019 Libros